Quizzes
Events
Quiz Creation
Community
Videos
Private Events
Remove Ads
Sign In
Join for FREE
Feedback
Dark Mode
Quiz Categories
Sports
Geography
Music
Movies
Television
Just For Fun
Miscellaneous
History
Literature
Language
Science
Gaming
Entertainment
Religion
Holiday
For Kids
Quiz Lab
Recent
Popular Today
Quiz Kudos Today
Editor Picks
Curator Picks
Quizzes by...
Day
Popularity
Type
Ratings
Length
Year
Community
Subscriptions
Recent Discussions
Orange Saloon
Badges
Playlists
Quests
Create
Leaderboards
Showdown
Live 5
Trivia Bingo
Activity
Puzzle Library
Sporcle Events
Private Events
Virtual Trivia
Globe League
Become a Host
Pub Owners
SporcleCon
Opinionation
Our Games
Videos
Blog
Mobile Apps
Partnerships
Remove Ads and Go Orange
Feedback
Gaming
Video Games
Board Games
Card Games
Pokémon
Mario
Nintendo
Minecraft
Console
Toys
Legend of Zelda
Gaming
Video Games
Board Games
Card Games
Pokémon
Mario
Nintendo
Minecraft
Console
Toys
Legend of Zelda
Random Quiz
Search Sporcle
×
Quiz Lab
Quiz Lab
Gaming
Grab Bag
Type in answers that appear in a list
Type in answers that appear in a list
Classic
Best Score? Go Orange.
Pokemon Foursomes (Gen I - IV) Stats
Can you name the Pokemon Foursomes (Gen I - IV)?
By
monji
10m
60 Questions
3,591 Plays
3,591 Plays
3,591 Plays
Comments
Comments
Give Quiz Kudos
Give Quiz Kudos
-
- Ratings
hide this ad
Replay
Link that replays current quiz
Next Quiz
Link to next quiz in quiz playlist
You Got
0%
They Got
Avg Score
79%
Avg Friend Score
Upgrade to see
Score Distribution
Jump to the score distribution portion of the page
Score
0/60
Timer
10:00
0
Plays Today
% Correct
Professor Oak
98.1%
Kanto
97.8%
Johto
96.5%
Team Rocket
95.7%
Rock
95.5%
Moltres
94.8%
Fire
93.9%
Ralts
92.9%
Surf
92.4%
Hoenn
92.3%
Sinnoh
91.8%
Cut
91.5%
Fly
90.9%
Gardevoir
90.8%
Team Magma
90.5%
FIGHT
90.2%
Kirlia
89.9%
Regirock
89.6%
Regice
89.6%
Registeel
89.3%
Team Aqua
89.3%
RUN
88.8%
Entei
88.3%
Gallade
88.1%
Professor Birch
88.1%
Regigigas
87.3%
Sunny Day
87.1%
Strength
87%
Rain Dance
86.4%
Professor Elm
86.3%
% Correct
Gloom -> Vileplume
86.3%
Fighting
84.8%
Mega Punch
84.5%
PKMN
83.5%
Steel
82.6%
ITEM
82.3%
Ho-oh
82.3%
Hail
82.2%
Sandstorm
82%
Mega Kick
81.5%
Heatran
79.1%
Team Galactic
78.9%
Smoochum
77.5%
Weepinbell -> Victreebel
76.6%
Counter
76.3%
Professor Rowan
73.5%
Zubat
68.8%
Mirror Coat
68%
Mime Jr.
67.9%
Zigzagoon
59.1%
Destiny Bond
58.7%
Zapdos
58%
Zangoose
55%
Nuzleaf -> Shiftry
49.4%
Exeggcute -> Exeggutor
49.2%
Wynaut
49%
Mega Drain
46.2%
Safe Guard
44.6%
Chingling
41.7%
Megahorn
37.4%
Quiz Playlist
Details
Report
Send in Message
Add To Playlist
Classic:
Type in answers that appear in a list
Quiz Source
Last Updated: Aug 15, 2017
Quiz Scoreboard
CHALLENGE
Sign Up to Join the Scoreboard
Show All
Scores
Hide
Comments
May contain spoilers
Recently Published
Decade Duel: World Leaders
by jenniferyan
History
4m
Alphabetical 'K' Countries by Flag Minefield
by ylime102
Geography
3m
Pick 6: Fruits
by JohnFran
Miscellaneous
15s
More to Explore
Quiz From the Vault
Featured Blog Post
15 Basketball Trivia Facts You Can Be March Mad About
hide this ad
You Might Also Like...
Tags
Grab Bag Quiz
Pokémon Quiz
foursome
Gen 1
Gen 2
Gen 3
Gen 4
Generation
Today's Top Quizzes in Gaming
Browse Gaming
hide this ad
Today's Top Quizzes in Grab Bag
Browse Grab Bag
Top Contributed Quizzes in Gaming
1
Pokémon Gen IV Logic Puzzle (HARD)
2
HARD Pokemon Logic Puzzle
3
Honkai: Star Rail Technique Names Quiz
4
Order Genshin Impact characters by release date!
5
Rainbow Six Siege Operators by Picture
6
Genshin Impact Logic Puzzle
7
Magic: the Gathering Set Symbols - LCI
8
Wii Remote Buttons
9
The Slinky Quiz
10
Genshin Impact Logic Puzzle Quiz
Explore More
Trending Topics
Harry Potter
Crossword
Anime
Marvel
NBA
Disney
Kpop
Song
NFL
Country
WWE
Puzzle
Pokémon
Soccer
The Office
hide this ad
More By:
monji
Quiz
Plays
Rating
Category
Featured
Created
Profile: Mario
125,337
4.50
Gaming
Dec 8, 2010
Pokémon: Name the Generations
122,855
4.26
Gaming
May 15, 2011
How I Met Your Mother Characters by Image
102,286
4.19
Television
Dec 24, 2010
Old or New Testament
80,648
4.13
Religion
Jul 6, 2011
The Power Quiz
78,415
4.10
Miscellaneous
Feb 12, 2011
Go to Creator's Profile
Score Distribution
Quiz Creator Spotlight
monji
Follow
Send a Message
Quizzes Created
-
Created Quiz Play Count
-
More By This Creator
Popular Quizzes Today
1
Countries of Asia Without Outlines Minefield
2
Find the US States - No Outlines Minefield
3
Pick 6: Fruits
4
Alphabetical 'K' Countries by Flag Minefield
5
The Countries of the World
6
Find the Countries of Europe - No Outlines Minefield
7
Find the US States
8
US States
More Gaming Quizzes
Pokémon Move or Steven Seagal Movie?
Editor's Pick
Trending Quizzes
Pick 6: Mountains
Pick 6: Harry Potter
Pick 6: Flags
Pick 6: NFL Teams
Pick 6: Movie Franchises
Recently Updated
Adaptations: Name the Title
pecheneg
NWSL Teams
pecheneg
Women's Final Four Teams by Year
bhenderson79
Presidents Quartet II
eogle
Anything But Clue(do)
eogle
Anything But Oceanian Capitals
eogle
Anything But 7
eogle
Anything But Thing
eogle
Word Ladder: February 29
pecheneg
Song Title Questions
pecheneg
Trending Topics
Harry Potter
Disney
Crossword
NBA
Anime
Marvel
Kpop
Soccer
WWE
Song
Country
Puzzle
The Office
Pokémon
NFL
Your Account Isn't Verified!
In order to create a playlist on Sporcle, you need to verify the email address you used during registration. Go to your
Sporcle Settings
to finish the process.
Report this User
Report this user for behavior that violates our
Community Guidelines
.
Details:
Send Report
Go to the Sporcle.com Mobile Site →
Comments